000 00710nam a2200205 a 4500
001 000042820
005 20201002040424.0
008 140210s1999 sp ac 001 0 spa d
020 _a8483100975
040 _aDO-SdBNP
_bspa
_cBNPHU
100 1 _aFernández, J.Benito
_d1956-
_970182
245 1 3 _aEl Contorno del Abismo :
_bvida y leyenda de Leopoldo María Panero /
_cJ. Benito Fernández ; prólogo de Antonio Martínez Sarrión.
260 _aBarcelona :
_bTusquets,
_c1999.
300 _a404 p. ;
_c24 cm.
490 1 _aAndanzas
_v371
504 _aBibliografía: p. 387-391
500 _aIncluye índice
700 1 _aMartínez Sarrión, Antonio
_d1939 -
_epról.
_924416
830 0 _aAndanzas
_v371
_918113
999 _c42309
_d42309